000 00366cam a2200145ua 4500
041 _aeng
_h
082 _a821
_bSWE/AN
100 _aSweet, .
245 _aAnglo saxon reader in prose and verse /
_cSweet.
_hTextual Documents
260 _aLondon :
_bOxford at the Clarendon Press ,
_c1967.
300 _a404 ; .
504 _a
942 _cBK
999 _c831
_d831